Vízová politika Európskej únie a Slovenskej republiky

Hlavné znaky spoločnej vízovej politiky Európskej únie. Vízový informačný systém (VIS) - jeho účel a funkcie. Vízová politika Slovenskej republiky. Harmonizácia vízovej politiky SR s vízovou politikou Európskej únie. Platnosť zákona o pobyte cudzincov. Schengenské vízum.

Salvato in:
Dettagli Bibliografici
Autore principale: Hurná, Lucia, 1978-
Natura: Capitolo di libro
Lingua:slovacco
Soggetti:
Tags: Aggiungi Tag
Nessun Tag, puoi essere il primo ad aggiungerne!!

MARC

LEADER 00000nla$a2200000$$$4500
001 0104189
005 20240502072135.6
041 0 |a slo 
044 |a SK 
245 1 0 |a Vízová politika Európskej únie a Slovenskej republiky  |c Lucia Hurná 
520 |a Hlavné znaky spoločnej vízovej politiky Európskej únie. Vízový informačný systém (VIS) - jeho účel a funkcie. Vízová politika Slovenskej republiky. Harmonizácia vízovej politiky SR s vízovou politikou Európskej únie. Platnosť zákona o pobyte cudzincov. Schengenské vízum. 
610 2 0 |a migrácia 
610 2 0 |a pohyb síl pracovných medzinárodný 
610 2 0 |a cudzinci 
610 2 0 |a právo medzinárodné 
610 2 0 |a dokumenty 
610 2 0 |a štát 
610 2 0 |a hranice štátne 
610 2 0 |a Slovensko 
610 2 0 |a Európska únia 
100 1 |a Hurná, Lucia, 1978-